000 00610 a2200205 4500
999 _c10145
_d10145
020 _aNO ISBN
050 0 0 _aLAW <Rhodesia (Southern) 2>
110 1 _aSouthern Rhodesia.
245 1 4 _aThe statute law of Southern Rhodesia /
_c by Russel,KT et...al
250 _aRevised edition of the laws Act,1937
264 _aLondon:
_bRoworth Limited,
_c1937
300 _a615p.:
500 _aincludes table of contents
650 _alaw...
_x Southern Rhodesia
700 1 _dHudson, R.J
700 1 _aMorton, R.J
700 1 _aGreenfield, J.M
700 1 _aYoung, Dendy
942 _2lcc
_cSERIALS
_h1.85
_iZIM
_kKTZ